000 00240nam a2200109Ia 4500
999 _c8409
_d8409
020 _a 978-8177581799
100 _aS. Tanenbaum
245 0 _aDistributed Operating Systems
260 _aUSA
_bMcGraw Hill
_c1998
300 _a405
942 _cBK